SOCIAL COGNITION FROM BRAINS TO CULTURE (Record no. 21041)

MARC details
000 -LEADER
fixed length control field 00336nam a2200133Ia 4500
008 - FIXED-LENGTH DATA ELEMENTS--GENERAL INFORMATION
fixed length control field 240624s9999 xx 000 0 und d
041 ## - LANGUAGE CODE
Language code of text/sound track or separate title eng
082 ## - DEWEY DECIMAL CLASSIFICATION NUMBER
Classification number 306 FIS
100 ## - MAIN ENTRY--PERSONAL NAME
Personal name FISKE SUSAN T
245 ## - TITLE STATEMENT
Title SOCIAL COGNITION FROM BRAINS TO CULTURE
250 ## - EDITION STATEMENT
Edition statement (2ed)
260 ## - PUBLICATION, DISTRIBUTION, ETC.
Date of publication, distribution, etc. 2013
Place of publication, distribution, etc. Los Angeles
Name of publisher, distributor, etc. sage publications
365 ## - TRADE PRICE
Currency code RS
Price amount 31
Holdings
Withdrawn status Lost status Damaged status Not for loan Home library Current library Shelving location Date acquired Source of acquisition Cost, normal purchase price Full call number Barcode Date last seen Copy number Price effective from Koha item type
        IMTN IMTN Rack 6-B 03/05/2013 IBH 3199.00 306 FIS 21041 06/24/2024 1 06/24/2024 Books
Designed & Maintained by: LRC IMT Nagpur Contact: lrc@imtnag.ac.in© 2024. All Rights Reserved.